000 01760nam0a2200313 i 4500
001 RU\NLR\bibl\2027575
005 20260406133342.0
010 _a9785353055662
_97000
021 _aRU
_b2013-26581
_91836
035 _a(NLR Aleph) 002015543
090 _a4479617
_c4479617
100 _a20130424d2013 c y0rusy50 ca
101 1 _arus
_cger
102 _aRU
105 _aa |||||||||
200 1 _aЛучшие сказки братьев Гримм
_e[для младшего школьного возраста
_fВ. Гримм, Я. Гримм
_gпер. с нем. Т. Габбе и др.]
_gхудож.: И. Петелина
210 _aМосква
_cРОСМЭН
_cРОСМЭН-Пресс
_d2013
215 _a140, [4] с.
_cцв. ил.
_d27
225 1 _aЛесная избушка
225 0 _aВ гостях у сказки
327 0 _aСодерж.: Бременские уличные музыканты; Королевич-Лягушка, или Железный Генрих; Мальчик-с-пальчик; Король-Дроздобород; Стоптанные туфельки; Горшок каши; Белоснежка; Рапунцель; Шесть лебедей; Лесная избушка [и др.]
700 1 _4070
_7ca
_8rus
_aГримм
_bВ. К.
_f1786-1859
_gВильгельм Карл
_9112035
_3RU\NLR\auth\772018
701 1 _4070
_7ca
_8rus
_aГримм
_bЯ.
_f1785-1863
_gЯкоб
_9112038
_3RU\NLR\auth\772021
702 1 _4040
_7ca
_8rus
_aПетелина
_bИ. А.
_cхудожник
_f1964-
_gИрина Андреевна
_936108
_3RU\NLR\auth\7753175
801 0 _aRU
_bNLR
_c20130424
_gRCR
801 1 _aRU
_bNLR
_c20130424
942 _cBOOK
980 _aNBR